000 01007nam0a2200325 i 4500
001 RU\NLR\BIBL_A\011132151
005 20260406121315.0
010 _a9785699657025
_94000
021 _aRU
_b2016-35308
_92265
035 _a(NILC)RuMoRGB-008472841
035 _a(NLR Aleph) 011132151
090 _a11573743
_c11573743
100 _a20160519d2016 u y0rusy50 ca
101 0 _arus
102 _aRU
105 _ay|||z||||||a|
200 1 _aВсе не так
_e[роман]
_fАлександра Маринина
210 _aМосква
_cЭ
_d2016
215 _a445, [1] с.
_d17
225 1 _aБольше чем детектив
320 _aДр. кн. авт.: с. 2
333 _a16+
686 2 _aШ6(2=Р)75-446
700 1 _8rus
_7ca
_aМаринина
_bА. Б.
_gАлександра Борисовна
_f1957-
_3RU\NLR\AUTH\77515
_9110564
801 0 _aRU
_bРГБ
_c20160428
_gRCR
942 _cBOOK
980 _aNBR